000 00443nam a2200169Ia 4500
008 240428s9999||||xx |||||||||||||| ||und||
020 _a0415082528
041 _aeng
082 _a323.352A
100 _aArchard, David
245 0 _aChildren: rights and childhood
260 _bRoutledge
_aLondon
_c1993
300 _aix, 188p;
650 _aThe rights of children - Children: rights and childhood - Childhood
942 _cBK
999 _c253
_d253